• 首页
  • 本馆介绍
  • 公告通知
  • 最新文献
  • 馆藏检索
  • 电子资源
  • 读者导购
  • 参考咨询
  • 我的图书馆
  • 登录
  • 详细信息显示
  • 放入我的书架
  • 预约/预借图书
  • 作者相关作品
  • 分类相关作品
  • 丛书相关作品
  • 出版社相关作品

书目信息

  • 表格格式
  • 工作单格式
  • 卡片格式
题名:
结构设计原理
    
 
作者: 叶见曙 主编
分册:  
出版信息: 北京   人民交通出版社股份有限公司  2019.7
页数: 623页
开本: 26cm
丛书名:
单 册:
中图分类: TU318
科图分类:
主题词: 结构设计--高等学校--教材
电子资源:
ISBN: 978-7-114-14743-2
000 01301nam0 2200277 45
001 012001002746
005 20211020084632.95
010    @a978-7-114-14743-2@dCNY75.00
100    @a20181030d2018 em y0chiy50 ea
101 0  @achi
102    @aCN@b110000
105    @aa z 000yy
106    @ar
200 1  @a结构设计原理@Ajie gou she ji yuan li@b专著@dPrinciple of structural design@f叶见曙主编@zeng
205    @a4版
210    @a北京@c人民交通出版社股份有限公司@d2019.7
215    @a623页@c图@d26cm
300    @a高等学校交通运输与工程类专业规划教材 普通高等教育土建学科专业“十五”规划教材 国家精品课程建设核心教材 “十三五”江苏省高等学校重点教材
300    @a并列题名:Principle of structural design
330    @a本书根据高等学校土木工程专业、道路与桥梁及渡河工程专业结构设计原理课程的教学要求,参考中华人民共和国国家标准和交通运输部办法的现行交通行业标准与设计规范,对公路桥涵钢筋混凝土结构、预应力混凝土结构、圬工结构和钢结构的各种基本构件受力特性、设计原理、计算方法和构造设计做了详尽介绍,同时对钢-混凝土组合结构构件的设计原理和方法也做了介绍。
510 1  @aPrinciple of structural design@zeng
606 0  @a结构设计@x高等学校@j教材
690    @aTU318@v5
701  0 @a叶见曙@Aye jian shu@f(1948~)@4主编
801  2 @aCN@bBJSDL@c20211018
905    @b1344765-8@dTU318@e2054=4@f4
    
    结构设计原理=Principle of structural design/叶见曙主编.-4版.-北京:人民交通出版社股份有限公司,2019.7
    623页:图;26cm
    高等学校交通运输与工程类专业规划教材 普通高等教育土建学科专业“十五”规划教材 国家精品课程建设核心教材 “十三五”江苏省高等学校重点教材.-并列题名:Principle of structural design
    
    ISBN 978-7-114-14743-2:CNY75.00
    本书根据高等学校土木工程专业、道路与桥梁及渡河工程专业结构设计原理课程的教学要求,参考中华人民共和国国家标准和交通运输部办法的现行交通行业标准与设计规范,对公路桥涵钢筋混凝土结构、预应力混凝土结构、圬工结构和钢结构的各种基本构件受力特性、设计原理、计算方法和构造设计做了详尽介绍,同时对钢-混凝土组合结构构件的设计原理和方法也做了介绍。
●
相关链接 在E读中查询图书 在五车中查询图书 在当当中查询图书 在豆瓣中查询图书


正题名:结构设计原理     索取号:TU318/2054=4         预约/预借

序号 登录号 条形码 馆藏地/架位号 状态 备注
1 1344765   213447652   第二样本阅览室/ [索取号:TU318/2054=4] 在馆    
2 1344766   213447661   第三借阅区/ [索取号:TU318/2054=4] 在馆    
3 1344767   213447670   第三借阅区/ [索取号:TU318/2054=4] 在馆    
4 1344768   213447689   第三借阅区/ [索取号:TU318/2054=4] 在馆    
唐山师范学院图书馆 欢迎您!
大连网信软件有限公司© 版权所有